000 00497nam a2200193 a 4500
001 1771067063358
003 YourLibrary
005 20260214163804.0
008 260214s2004##################000#0#eng##
020 _a9780761998044
082 0 4 _a306.70954
_bVER
100 1 _aVerma, Ravi K,
_eauthor.
245 1 0 _aSexuality in the Time of AIDS :
260 _bSAGE,
_c2004.
300 _a436 pages
650 0 _aHealth & Fitness.
942 _cENGLISH
040 _aYourLibrary
_beng
_cYourLibrary
999 _c612519
_d612519